Animal Crossing - Tous les Personnages Spéciaux [avec image] - Statistiques

Statistiques générales
  • Ce quiz a été pris 39 fois
  • Le résultat moyen est 49 sur 78
Statistiques - réponses
Par images Réponse % Correct
Marie
97%
Rounard
94%
Kéké Laglisse
91%
Sarah
91%
Tom Nook
91%
Céleste
88%
Méli
88%
Mélo
88%
Thibou
88%
Gulliver
85%
Resetti
85%
Tortimer
85%
Joe
82%
Pascal
82%
Racine
82%
Serge
82%
Astrid
79%
Charly
79%
Ciboulot
79%
Layette
79%
Maria
79%
Max
79%
Porcelette
79%
Serena
79%
Amiral
76%
Cousette
76%
Robusto
76%
Villageois
76%
Yétiti
76%
Blaise
73%
Carla
73%
Gyroïde
70%
Risette
70%
Rodolphe
70%
Albin
67%
Djason
67%
Ginette
67%
Porcella
67%
Rodrigue
67%
Follet
64%
Lou
64%
Mamayéti
64%
Morris
64%
Roberto
64%
Antoine
61%
Gullivarrr
61%
Jacqu'O
61%
Papayéti
61%
Pollux
61%
Hélium
58%
Liliane
58%
Blanca
55%
Cathie
55%
Don Resetti
55%
Lionel
55%
Opélie
55%
Castor
52%
Chausset
52%
Dindou
52%
Lazare
52%
Morsicus
52%
Cornimer
48%
Djarod
48%
Élisabec
48%
Mantin
48%
Mamiral
45%
Maret
45%
Gratien
42%
Lila
39%
Titiyéti
39%
Shivava
33%
Cathou
30%
Senseï
24%
Corbac
18%
Chépaki de Chépaou
12%
Choucac
9%
Larzac
9%
Plumac
9%
Aucun quiz correspondant
Distribution des résultats
% des personnes avec chaque résultat
Percentile par nombre de réponses
Votre historique - résultats
Vous n’avez pas pris ce quiz